[Event "Raciborz op 19th"]
[Site "Raciborz"]
[Date "2019.02.09"]
[Round "2"]
[White "Grabarczyk, Miroslaw"]
[Black "Adamczyk, Piotr"]
[Result "1-0"]
[WhiteElo "2374"]
[BlackElo "1820"]
[PlyCount "101"]
[EventDate "2019.02.09"]
[EventType "swiss"]
[EventRounds "9"]
[EventCountry "POL"]
[SourceTitle "CBM 188 Extra"]
[Source "ChessBase"]
[SourceDate "2019.02.26"]
[SourceVersion "1"]
[SourceVersionDate "2019.02.26"]
[SourceQuality "1"]

1. d4 d5 2. c4 e6 3. Nf3 Nf6 4. g3 dxc4 5. Qa4+ Bd7 6. Qxc4 c5 7. dxc5 Nc6 8. Bg2 Qa5+ 9. Nc3 Qxc5 10. Qb3 Na5 11. Qc2 Bc6 12. 0-0 Nc4 13. a3 Bd6 14. b4 Qh5 15. Qd3 b5 16. Nxb5 Bxb5 17. a4 Ba6 18. b5 Bb7 19. Qxc4 0-0 20. Ba3 Rac8 21. Qd4 Bc5 22. Bxc5 Qxc5 23. Rfd1 h6 24. Qxc5 Rxc5 25. Nd4 Nd5 26. Rdc1 Rfc8 27. Nc6 Rxc1+ 28. Rxc1 Kf8 29. Bxd5 exd5 30. Rd1 Bxc6 31. bxc6 Rxc6 32. Rxd5 Ke7 33. f3 Ke6 34. Ra5 a6 35. g4 g6 36. Kf2 f5 37. gxf5+ gxf5 38. Kg3 Kf6 39. Kf4 Kg6 40. Rxf5 Rc4+ 41. e4 Rxa4 42. h4 Rb4 43. h5+ Kg7 44. Rc5 Rb7 45. Ra5 Rb6 46. e5 Kf7 47. Kf5 Rc6 48. f4 Rb6 49. Rc5 Rb7 50. Rc6 Ra7 51. Rxh6 1-0

[Event "Bohumin op 1st"]
[Site "Bohumin"]
[Date "2018.05.26"]
[Round "7"]
[White "Adamczyk, Piotr"]
[Black "Mrazek, Roman"]
[Result "0-1"]
[WhiteElo "1791"]
[BlackElo "1847"]
[PlyCount "62"]
[EventDate "2018.05.20"]
[EventType "swiss"]
[EventRounds "8"]
[EventCountry "CZE"]
[SourceTitle "CBM 184 Extra"]
[Source "ChessBase"]
[SourceDate "2018.06.28"]
[SourceVersion "1"]
[SourceVersionDate "2018.06.28"]
[SourceQuality "1"]

1. e4 c6 2. d4 d5 3. Nd2 dxe4 4. Nxe4 Nd7 5. Nf3 Ngf6 6. Ng3 Qc7 7. Bd3 e6 8. c4 Bb4+ 9. Bd2 Bxd2+ 10. Qxd2 b6 11. b4 0-0 12. 0-0 c5 13. dxc5 bxc5 14. b5 Bb7 15. Rfe1 Rfd8 16. Rad1 Bxf3 17. gxf3 Nb6 18. Qc2 Rd4 19. Ne4 Nfd7 20. Be2 e5 21. Rxd4 exd4 22. Ng5 g6 23. Bd1 Qf4 24. Ne4 f5 25. Qd2 Qh4 26. Qg5 Qxg5+ 27. Nxg5 h6 28. Ne6 Re8 29. Kf1 Nxc4 30. Bb3 Nd2+ 31. Kg2 Nxb3 0-1

[Event "Bohumin op 1st"]
[Site "Bohumin"]
[Date "2018.05.23"]
[Round "4"]
[White "Lojek, Marek"]
[Black "Adamczyk, Piotr"]
[Result "1-0"]
[WhiteElo "2117"]
[BlackElo "1791"]
[PlyCount "51"]
[EventDate "2018.05.20"]
[EventType "swiss"]
[EventRounds "8"]
[EventCountry "CZE"]
[SourceTitle "CBM 184 Extra"]
[Source "ChessBase"]
[SourceDate "2018.06.28"]
[SourceVersion "1"]
[SourceVersionDate "2018.06.28"]
[SourceQuality "1"]

1. Nf3 d5 2. c4 e6 3. e3 Nf6 4. b3 c5 5. Bb2 Nc6 6. cxd5 exd5 7. Bb5 Bd6 8. Ne5 Bxe5 9. Bxe5 0-0 10. Bb2 Bf5 11. Be2 d4 12. 0-0 Qd7 13. d3 dxe3 14. fxe3 Rad8 15. e4 Bg4 16. Rxf6 Bxe2 17. Qxe2 Nd4 18. Qh5 gxf6 19. Nc3 Qd6 20. Re1 Qe5 21. Qh4 Qg5 22. Qf2 Rfe8 23. Bc1 Qe5 24. Re3 Kh8 25. Rh3 Rg8 26. Rxh7+ 1-0

[Event "Karvina op"]
[Site "Karvina"]
[Date "2017.07.02"]
[Round "2"]
[White "Adamczyk, Piotr"]
[Black "Cieslak, Jessica"]
[Result "1-0"]
[WhiteElo "1748"]
[BlackElo "1284"]
[PlyCount "69"]
[EventDate "2017.07.01"]
[EventType "swiss"]
[EventRounds "9"]
[EventCountry "CZE"]
[SourceTitle "EXT 2018"]
[Source "ChessBase"]
[SourceDate "2017.10.13"]
[SourceVersion "1"]
[SourceVersionDate "2017.10.13"]
[SourceQuality "1"]

1. d4 Nf6 2. Nf3 c5 3. e3 d5 4. b3 e6 5. Bd3 Nc6 6. 0-0 cxd4 7. exd4 Bd6 8. Bb2 Bd7 9. Nbd2 Qc7 10. h3 0-0-0 11. c4 Rdg8 12. Ng5 Be8 13. cxd5 exd5 14. Rc1 h6 15. Ngf3 g5 16. Ne5 h5 17. Qf3 Qe7 18. Rfe1 Qd8 19. Bb5 g4 20. Qf5+ Bd7 21. Nxd7 Qxd7 22. Qxf6 gxh3 23. Bf1 h4 24. Kh1 hxg2+ 25. Bxg2 Qg4 26. Qf3 h3 27. Qxg4+ Rxg4 28. Bxd5 Rhg8 29. Bxf7 R8g7 30. Be6+ Kb8 31. d5 R7g6 32. Bxg4 Rxg4 33. dxc6 bxc6 34. Rxc6 Bc7 35. Be5 1-0

[Event "Orlova op 7th"]
[Site "Orlova"]
[Date "2010.05.23"]
[Round "2"]
[White "Kawulok, Marek"]
[Black "Adamczyk, Piotr"]
[Result "1-0"]
[WhiteElo "2050"]
[BlackElo "1000"]
[PlyCount "97"]
[EventDate "2010.05.22"]
[EventType "swiss"]
[EventRounds "7"]
[EventCountry "CZE"]
[SourceTitle "EXT 2012"]
[Source "ChessBase"]
[SourceDate "2011.11.24"]
[SourceVersion "1"]
[SourceVersionDate "2011.11.24"]
[SourceQuality "1"]

1. e4 c5 2. Nf3 Nc6 3. d4 cxd4 4. Nxd4 e5 5. Nb5 d6 6. N1c3 a6 7. Na3 b5 8. Nd5 Nge7 9. c4 Nd4 10. Be3 Nxd5 11. cxd5 Qa5+ 12. Bd2 Qb6 13. Bc3 g6 14. Bxd4 exd4 15. Bd3 Qa5+ 16. Qd2 Qxd2+ 17. Kxd2 Bh6+ 18. Ke2 0-0 19. Nc2 Bg7 20. a4 Bd7 21. axb5 axb5 22. Rxa8 Rxa8 23. Ra1 Rxa1 24. Nxa1 f5 25. f3 fxe4 26. fxe4 Kf7 27. b4 Kf6 28. Nc2 Ke5 29. Kf3 Bh6 30. Ke2 Bc1 31. Ne1 Bb2 32. Nf3+ Kf6 33. h3 Bc3 34. Bc2 g5 35. g4 h5 36. gxh5 Bxh3 37. e5+ dxe5 38. h6 Bxb4 39. h7 Kg7 40. Nxe5 Bc3 41. Bd3 Bf5 42. Bxf5 d3+ 43. Nxd3 Kf7 44. Kf3 Ke7 45. Kg4 Kd6 46. Be6 Bd4 47. Kxg5 Bc3 48. Kg6 Bd4 49. Kf7 1-0